01924 a2200241 45000010006000000050017000060080041000230030015000640400040000790800039001192450016001580200022001742500012001962640033002083000027002415051200002680410008014681000027014767000025015037000028015287000031015568560095015875701320260407155833.0260407a2020 arg spa dAR-UNSa-BCEJYS aAR-UNSa-BCEJYSbspacAR-UNSa-BCEJYS a657.6xAuditoria (control interno)10aAuditoría a978-987-03-3942-7 a4a. ed. 1aBuenos Aires :bLa Leyc2020 alxiii, 1195 p.c24 cm. a1. Conceptos básicos de auditoría - 2. Ética, independencia y responsabilidad del auditor - 3. Hacia una auditoría eficiente y eficaz - 4. Proceso de auditoría - 5. Etapa de Planificación - 6. Evidencia y procedimientos de auditoría - 7. Riesgo de auditoría - 8. Evaluación de los controles - 9. Documentación del Proceso de auditoría - 10. Tareas de una primera auditoría - 11. Caja y bancos - 12. Inversiones Transitorias - 13. Ventas y cuentas a cobrar - 14. Otros créditos - 15. Compras y cuentas a pagar - 16. Bienes de Cambio y costos - 17. Inversiones en otras sociedades - 18. Bienes de Uso /Activos fijos y sus depreciaciones - 19. Bienes Intangibles - 20. Deudas Bancarias y Financieras - 21. Costos y pasivos laborales - 22. Aspectos impositivos y deudas fiscales - 23. Contingencias - 24. Patrimonio neto - 25. Estado de resultados - 26. Estado de Flujo de efectivo - 27. Conclusión de examen - 28. Informe del Auditor - 29. Otros trabajos de auditoría - 30. Auditoría en la pequeña y mediana empresa - 31. Lavado de activos en origen delictivo y financiación del terrorismo - 32. La Ley Sarbanes Oxley - 33. Normas internacionales de auditoría. aspa1 aSlosse, Carlos Alberto1 aGordicz, Juan Carlos1 aGamondés, Santiago F.1 aTuñez, Fernando Adrián41uhttps://biblioeco.unsa.edu.ar/pmb/images/libros/L128658.jpgyImagen de portadaqimage/jpeg